Science Quiz

Random Science or Chemistry Quiz

25 Questions for - Science Quiz Stats

Quiz not verified by Sporcle

Challenge
Share
Tweet
Embed
Score 0/25 Timer 05:00
0 Plays Today
Questions Answers % Correct
????
100%
????
98.8%
????
85.4%
????
84.5%
????
70.5%
????
69.7%
????
62%
????
56.9%
????
55.4%
????
53%
????
52.3%
????
48.6%
????
43.9%
Questions Answers % Correct
????
43.4%
????
34.2%
????
30.2%
????
29.5%
????
27.7%
????
26.2%
????
20.2%
????
17.9%
????
13.8%
????
7.9%
????
3.6%
????
2.3%

You're not logged in!

Compare scores with friends on all Sporcle quizzes.
Join for Free
OR
Log In

You Might Also Like...

Show Comments

Extras

Top Quizzes Today


Score Distribution

Your Account Isn't Verified!

In order to create a playlist on Sporcle, you need to verify the email address you used during registration. Go to your Sporcle Settings to finish the process.

Report this User

Report this user for behavior that violates our Community Guidelines.

Details: